000
00316nam a2200133Ia 4500
008
150201s2014 xx 000 0 und d
082
_a
621.381
_b
RAS 3RD
100
_a
Rashid,Muhammad,H
245
_a
Power electronics
250
_a
3rd Ed.
260
_b
Pearson
_a
N.Delhi
_c
2014
300
_a
834p.
942
_2
ddc
_c
BK
999
_c
5809
_d
5809